Catálogo
 En Linea

Thelma una pastora ejemplar. (Registro nro. 36397)

Detalles MARC
000 -CABECERA
campo de control de longitud fija 00747nam a2200217 a 4500
001 - NÚMERO DE CONTROL
campo de control 000036907
005 - FECHA Y HORA DE LA ÚLTIMA TRANSACCIÓN
campo de control 20240510073819.0
008 - DATOS DE LONGITUD FIJA--INFORMACIÓN GENERAL
campo de control de longitud fija 120206s2012 dr ac 000 0 spa d
020 ## - NÚMERO INTERNACIONAL ESTÁNDAR DEL LIBRO
Número Internacional Estándar del Libro 9789945005271
040 ## - FUENTE DE LA CATALOGACIÓN
Centro catalogador/agencia de origen DO-SdBNP
Lengua de catalogación spa
Centro/agencia transcriptor BNPHU
082 ## - NÚMERO DE LA CLASIFICACIÓN DECIMAL DEWEY
Número de clasificación 271.9
Número de documento/Ítem V468t
100 1# - ENTRADA PRINCIPAL--NOMBRE DE PERSONA
Nombre de persona Ventura, Abel
9 (RLIN) 16030
245 10 - MENCIÓN DE TÍTULO
Título Thelma una pastora ejemplar.
260 ## - PUBLICACIÓN, DISTRIBUCIÓN, ETC.
Lugar de publicación, distribución, etc. San Francisco de Macorís, República Dominicana :
Nombre del editor, distribuidor, etc. [s.n.],
Fecha de publicación, distribución, etc. 2012.
300 ## - DESCRIPCIÓN FÍSICA
Extensión 148 p. :
Otras características físicas il., retrs. ;
Dimensiones 23 cm.
590 ## - NOTA LOCAL (RLIN)
Nota local Inventariado, 2018/ YL
500 ## - NOTA GENERAL
Nota general La biblioteca posee tres (3) ejemplares autografíados por el autor.
600 14 - PUNTO DE ACCESO ADICIONAL DE MATERIA--NOMBRE DE PERSONA
Nombre de persona DILONÉ DE VENTURA, THELMA CARIDAD,
Fechas asociadas al nombre 1929-2004
9 (RLIN) 63298
650 #0 - PUNTO DE ACCESO ADICIONAL DE MATERIA--TÉRMINO DE MATERIA
Término de materia o nombre geográfico como elemento de entrada Vida cristiana
9 (RLIN) 668
910 ## - DATOS DE OPCIÓN DEL USUARIO (OCLC)
Datos de opción del usuario Validado. Control de calidad EMS
Existencias
Estado de retiro Estado de pérdida Restricciones de uso No para préstamo Código de colección Localización permanente Ubicación/localización actual Ubicación en estantería Fecha de adquisición Número de inventario Total de préstamos Signatura topográfica completa Código de barras Fecha visto por última vez Número de copia Precio válido a partir de Tipo de ítem Koha Nota pública
        Dominicana de Servicio General General Depósito 06.02.2012 LF1   271.9 V468t 36907-30 25.06.2020 e. 3 25.06.2020 Libro y Folleto Colección Dominicana de Servicio Dedicado por el autor a la BNPHU
      Excluido de préstamo Patrimonio Dominicano Patrimonio Dominicano Patrimonio Dominicano Depósito 06.02.2012 LF1   271.9 V468t 36907-10 25.06.2020   25.06.2020 Libro y Folleto Colección Patrimonio Dominicano Dedicado por el autor a la BNPHU
      Excluido de préstamo Patrimonio Dominicano Patrimonio Dominicano Patrimonio Dominicano Depósito 06.02.2012 LF1   271.9 V468t 36907-20 25.06.2020 e. 2 25.06.2020 Libro y Folleto Colección Patrimonio Dominicano Dedicado por el autor a la BNPHU

Con tecnología Koha